Matemática moderna : geometria 1 /
Guardado en:
| Autor Principal: | |
|---|---|
| Formato: | Libro |
| Publicado: |
Buenos Aires :
Kapelusz,
1969
|
| Edición: | 20a. ed. |
| Materias: | |
| Etiquetas: |
Agregar Etiqueta
Sin Etiquetas, Sea el primero en etiquetar este registro!
|
| LEADER | 00673nam a22001935a 4500 | ||
|---|---|---|---|
| 001 | CEM.cems005403 | ||
| 008 | 130507s1969##################000#0#####d | ||
| 005 | 20241210112441.0 | ||
| 245 | 1 | 0 | |a Matemática moderna : |b geometria 1 / |
| 250 | |a 20a. ed. | ||
| 260 | |a Buenos Aires : |b Kapelusz, |c 1969 | ||
| 300 | |a 54 p. | ||
| 100 | 1 | |a Repetto, Celina H | |
| 082 | 0 | 4 | |a 513 |
| 653 | |a Matematica | ||
| 859 | |a CEMS |b BIB. CEMS - 11 de abril |h 513 |i R299a20/I |p 2857.74 |t Ej.1 | ||
| 859 | |a CEMS |b BIB. CEMS - 11 de abril |h 513 |i R299a20/I |p 6232.77 |t Ej.3 | ||
| 859 | |a CEMS |b BIB. CEMS - 11 de abril |h 513 |i R299a20/I |p 6482.78 |t Ej.4 | ||
| 859 | |a CEMS |b BIB. CEMS - 11 de abril |h 513 |i R299a20/I |p 14766.87 |t Ej.5 | ||
